Normal view
MARC view
- الكاتبة-الحروف-اللغة العربية-الخط-الأسلوب الادبي
Entry Topical Term
001 - CONTROL NUMBER
- control field: 22317
003 - CONTROL NUMBER IDENTIFIER
- control field: JO-AjAnu
005 - DATE AND TIME OF LATEST TRANSACTION
- control field: 20230606073843.0
008 - FIXED-LENGTH DATA ELEMENTS
- fixed length control field: 230606|| aca||aabn | a|a d
040 ## - CATALOGING SOURCE
- Original cataloging agency: JO-AjAnu
- Transcribing agency: JO-AjAnu
150 ## - HEADING--TOPICAL TERM
- Topical term or geographic name entry element: الكاتبة-الحروف-اللغة العربية-الخط-الأسلوب الادبي
670 ## - SOURCE DATA FOUND
- Source citation: Work cat.: (JO-AjAnu)11467: تأليف زايد، فهد خليل؛ م.مشارك فاطمة السعدي, author 22316, فن الكتابة والتعبير